Random Television Quiz Stats

Quiz not verified by Sporcle

Also try: '90s Sitcoms
Challenge
Share
Tweet
Embed
Score 0/9 Timer 02:00
0 Plays Today
Hint Answer % Correct
What is the main colour of SpongeBob SquarePants?yellow
94.4%
What is the name of the son of Marge Simpson?Bart Simpson
88.7%
In which year did Friends premiere?1994
78.8%
The Big Bang Theory premiered on which TV platform/channel?CBS
74%
The Office (UK TV Series) was first broadcast in which year?2001
73.6%
Which Country is the Country of Origin of Family Guy?United States of America
73.1%
Who created Futurama?Matt Groening
55.5%
Who is the presenter of Survivor (U.S. TV series)?Jeff Probst
47.8%
Who is the theme music composer of South Park?Primus
26.4%

You're not logged in!

Compare scores with friends on all Sporcle quizzes.
Join for Free
OR
Log In

You Might Also Like...

Show Comments

Extras

Top Quizzes Today


Score Distribution

Your Account Isn't Verified!

In order to create a playlist on Sporcle, you need to verify the email address you used during registration. Go to your Sporcle Settings to finish the process.

Report this User

Report this user for behavior that violates our Community Guidelines.

Details: